000 00820nam a2200253Ia 4500
003 OSt
005 20220923211314.0
006 a|||||r|||| 00| 0
007 ta
008 Pun
020 _a9788180590984 (hbk)
_c350
024 _a282,137
037 _b868, 14/08/2014, H.K. Prakashan
_cTextual
040 _aARTS
_cARTS
_bPun
041 _2Pun
_aPun
082 _aV2:51y7M65, 153Q4
100 _aFਰਮਾ, ਸਤੀF
_9160211
245 0 _aਪੰਜਾਬ ਕੇਸਰੀ ਲਾਲਾ ਲਾਜਪਤ ਰਾਏ
260 _aਦਿੱਲੀ
_b F੍ਰੀ ਪ੍ਰਕਾFਨ
_c2014
300 _a213ਪੰ
_ccm.
650 _aਭਾਰਤੀਯ ਇਤਿਹਾਸ
942 _hV2:51y7M65, 153Q4
_cTEXL
_2CC
999 _c298316
_d298316